Будущее человека - в равновесии и умеренности (Запись № 11409256)
[ простой вид ]
| 000 -МАРКЕР | |
|---|---|
| контрольное поле | 01600nam0a2200325 4500 |
| 001 - ИДЕНТИФИКАТОР ЗАПИСИ | |
| контрольное поле | RU\NLR\BIBL_A\011382499 |
| 005 - ИДЕНТИФИКАТОР ВЕРСИИ | |
| контрольное поле | 20240922014931.0 |
| 021 ## - НОМЕР ГОСУДАРСТВЕННОЙ РЕГИСТРАЦИИ | |
| Код страны | Российская Федерация |
| Номер | 2017-24651 |
| Номер Листа государственной регистраци | 1829 |
| 035 ## - ДРУГИЕ СИСТЕМНЫЕ НОМЕРА | |
| Идентификатор записи | (RuMoRGB)008846976 |
| 035 ## - ДРУГИЕ СИСТЕМНЫЕ НОМЕРА | |
| Идентификатор записи | (NLR Aleph) 011382499 |
| 100 ## - ДАННЫЕ ОБЩЕЙ ОБРАБОТКИ | |
| Данные общей обработки | 20170510d2017 k y0rusy50 ca |
| 101 0# - ЯЗЫК РЕСУРСА | |
| Язык текста, звукозаписи и т.д. | русский |
| 102 ## - СТРАНА ПУБЛИКАЦИИ ИЛИ ПРОИЗВОДСТВА | |
| Страна публикации | Российская Федерация |
| 105 ## - ПОЛЕ КОДИРОВАННЫХ ДАННЫХ: ТЕКСТОВЫЕ МАТЕРИАЛЫ, МОНОГРАФИЧЕСКИЕ | |
| Кодированные данные о монографическом текстовом документе | y|||z|||100zy |
| 200 1# - ЗАГЛАВИЕ И СВЕДЕНИЯ ОБ ОТВЕТСТВЕННОСТИ | |
| Основное заглавие | Будущее человека - в равновесии и умеренности |
| Сведения, относящиеся к заглавию | [доклад] |
| Первые сведения об ответственности | профессор Ахмад ат-Тауфик |
| Последующие сведения об ответственности | [Хасанийские чтения, Королевство Марокко] |
| 210 ## - ПУБЛИКАЦИЯ, РАСПРОСТРАНЕНИЕ И ДР. | |
| Место издания, распространения и т.д. | Москва |
| Имя издателя, распространителя и т. д. | НПЦ "Аль-Васатыя - умеренность" |
| Дата издания, распространения и т.д. | 2017 |
| 215 ## - ФИЗИЧЕСКАЯ ХАРАКТЕРИСТИКА | |
| Специфическое обозначение материала и объем | 37 с. |
| Размеры | 21 |
| 225 1# - СЕРИЯ | |
| Основное заглавие серии | Серия "Ислам против радикализма" |
| 300 ## - ОБЩИЕ ПРИМЕЧАНИЯ | |
| Текст примечания | В надзаг.: Науч.-просвет. центр "Аль-Васатыя - умеренность", Некоммерч. благотвор. фонд Фонд поддержки ислам. культуры, науки и образования |
| 606 ## - НАИМЕНОВАНИЕ ТЕМЫ КАК ПРЕДМЕТ | |
| Наименование темы | Проповеди мусульманские |
| Системный номер авторитетной/нормативной записи | 2023718 |
| Идентификатор авторитетной/нормативной записи | RU\NLR\AUTH\66931590 |
| 686 2# - ИНДЕКСЫ ДРУГИХ КЛАССИФИКАЦИЙ | |
| Индекс | Э38-462.2 |
| 700 #1 - ИМЯ ЛИЦА - ПЕРВИЧНАЯ ОТВЕТСТВЕННОСТЬ | |
| Графика поля | Кириллица |
| Материалы, к которым относится поле | rus |
| Начальный элемент ввода | Тауфик |
| Часть имени, кроме начального элемента ввода | А. ат |
| Дополнения к именам, кроме дат | дипломат, исламовед |
| Расширение инициалов личного имени | Ахмад ат |
| Системный номер авторитетной/нормативной записи | 173870 |
| Идентификатор авторитетной/нормативной записи | RU\NLR\AUTH\770173921 |
| 712 12 - НАИМЕНОВАНИЕ ОРГАНИЗАЦИИ - ВТОРИЧНАЯ ОТВЕТСТВЕННОСТЬ | |
| Начальный элемент ввода | Хасанийские чтения |
| Место проведения временной организации | Касабланка |
| Дата проведения временной организации | 1916 |
| Системный номер авторитетной/нормативной записи | 553996 |
| Идентификатор авторитетной/нормативной записи | RU\NLR\AUTH\880445161 |
| 942 ## - ДОПОЛНИТЕЛЬНЫЕ ЭЛЕМЕНТЫ ЗАПИСИ (АБИС) | |
| Тип экземпляра АБИС | Книга |
| 980 ## - КОЛЛЕКЦИЯ | |
| Название коллекции | НБР |
Нет доступных экземпляров.